Apuntes metodológicos para la documentación de fotografía

Saved in:
Bibliografiske detaljer
Corporate Authors: DIBAM (Author), Dirección de Bibliotecas, Archivos y Museos (Author)
Format: Bog
Sprog:spansk
Udgivet: Santiago DIBAM 2012
Fag:
Tags: Tilføj Tag
Ingen Tags, Vær først til at tagge denne postø!

MARC

LEADER 00000cam a2200000 a 4500
001 UCF7956
003 CL-VaPUC
008 130711e20120000CL |||||||||||||||||spa|d
020 |a 9789567297191 
082 0 4 |a 770  |b DIB  |2 21 
110 2 |a DIBAM  |e author  |9 570050 
710 2 |a Dirección de Bibliotecas, Archivos y Museos  |e author  |9 570051 
245 1 0 |a Apuntes metodológicos para la documentación de fotografía 
300 |a 40 p 
942 |c BK 
945 |d 20130711 00:00:00  |a dcastane 
260 |a Santiago  |b DIBAM  |c 2012 
650 0 |a Fotografía  |9 268495 
650 0 |a Patrimonio cultural  |9 309364 
650 0 |a Archivos fotográficos  |9 523567 
650 0 |a Archivología   |9 514324 
650 0 |a Archivística  |9 490081 
583 |a last modification  |c 20130711 11:26:00  |k Rodrigo Vera 
999 |c 352672  |d 352670 
952 |0 0  |1 0  |4 0  |6 770_000000000000000_DIB_2012  |7 0  |8 X  |9 457276  |a FDOMLP  |b FDOMLP  |d 2019-11-22  |i 4989503  |o 770 DIB 2012  |p 4989503  |r 2019-11-22  |w 2019-11-22  |y BK_X  |k BU2